| 000 | 00573nam a22001937a 4500 | ||
|---|---|---|---|
| 003 | OSt | ||
| 005 | 20180419180616.0 | ||
| 008 | 180419b xxu||||| |||| 00| 0 eng d | ||
| 020 | _a0878934146 | ||
| 040 | _cddc | ||
| 082 | _a577.27EXP 1997 | ||
| 100 |
_aEdited by Peter,M.Kareiva; _912611 |
||
| 245 |
_aExploring Ecology and its Application: _bReadings from American Scientists; |
||
| 260 |
_aSunderland, _bSinauer Associates,inc .Publishers. _c1997. |
||
| 300 |
_a277p; _bcol.ill; _c28cm |
||
| 504 | _aincludes bibliography. | ||
| 650 | _2Ecology; | ||
| 942 |
_2ddc _cO_SHELF |
||
| 999 |
_c6092 _d6092 |
||